000 00519nam a2200157 i 4500
001 116008
003 ES-MaACL
005 20230906190619.0
007 t|
008 061121s1915 ag r ||||1| spa d
100 1 _aOrtiz y San Pelayo, Félix.
_987660
245 1 0 _aProblemas pavorosos
_b: el teatro : los frailes : la ciencia impía : el poder temporal del Papa : Roma /
_cFélix Ortiz y San Pelayo.
260 _aBuenos Aires :
_b`La Facultad`,
_c1915.
300 _a393 p. ;
_c20 cm.
852 _aES-MaACL
_jD-2511
999 _c116008
_d116008